| 000 | 00487 a2200169 4500 | ||
|---|---|---|---|
| 003 | OSt | ||
| 005 | 20231028132701.0 | ||
| 008 | 231028b |||||||| |||| 00| 0 eng d | ||
| 020 | _a9788126449187 | ||
| 040 | _coclc | ||
| 082 |
_a894.8121 _bVEE/V |
||
| 100 |
_aVeerankutty _97528 |
||
| 245 |
_aVEERANKUTTIYUDE KAVITHAKAL / _cVeerankutty |
||
| 260 |
_aKottayam: _bD C Books, _c2019. |
||
| 300 |
_a312p, _c21 cm |
||
| 942 |
_2ddc _cBK _h894.8121 _iVEE/V _k894.8121 _mVEE/V |
||
| 999 |
_c42908 _d42908 |
||